000 01374nam a2200325 4500
003 EG-GICUC
005 20260204065319.0
008 260118s1978 ua ||||fr|||| 00| 0 ara d
040 _a EG-GICUC
_bara
_c EG-GICUC
_d EG-GICUC
_erda
041 1 _aara
082 0 4 _221
_a345.325
_bق و
092 0 4 _221
099 _aLaw1 07 345.325 ق و 1978
100 0 _aصلاح الدين عبد العزيز محمد
_eمترجم.
245 1 0 _aقواعد و أساليب إدارة الخدمة المدنية في النظم الرأسمالية و الاشتراكية :
_bدراسة تطبيقية مقارنة/
_cترجمة صلاح الدين عبد العزيز محمد
264 _aالقاهرة:
_bالمنظمة العريبة للعلوم الإدارية ،
_c1978.
300 _a167 ؛صفحة
_c24 سم
336 _2rda content
_atext
337 _2rda media
_aComputer
338 _2rda carrier
_aOnline Resource
490 _aسلسلة الفكر الإداري المعاصر
_v36
504 _aيشتمل على إرجاعات ببليوجرافية.
546 _aالنص باللغة العربية
650 1 _aالقانون الإداري
_2qrmak
650 1 _aقواعد سير المرافق العامة
651 1 _2qrmak
856 4 0 _uhttps://fll.law.cu.edu.eg/fulltext/bks/B07-00121.pdf
905 _a74
942 _2ddc
_n0
_cBK
_e21
999 _c57396
_d57396